Srdce Edinburghu /

Vrcholný autorův román, jehož děj se odehrává v letech 1736-1751 a líčí dojemný příběh dvou sester, z nichž mladší je odsouzena k smrti a starší jí osobní obětavostí vyprosí u londýnského soudního dvora milost.

Uloženo v:
Hlavní autor: Scott, Walter, Sir, 1771-1832 (Autor)
Další autoři: Fastrová, Jarmila, 1899-1968 (Překladatel)
Médium: E-kniha
Jazyk:Czech
Vydáno: Praha : Městská knihovna v Praze, 2026
Vydání:V MKP 1. elektronické vydání
Témata:
On-line přístup:Odkaz na plný text
Plný text
Plný text
Plný text
Obálka
Tagy:
Žádné tagy
LEADER 02751nam a2200445 i 4500
001 5248924
003 CZ-PrMKP
005 20260624115808.0
007 ta
008 260604s2026----xr-----go-----000-f-cze--
020 |a 978-80-274-5060-2  |q (online ;  |q pdf) 
020 |a 978-80-274-5059-6  |q (online ;  |q epub) 
020 |a 978-80-274-5061-9  |q (online ;  |q prc) 
040 |a ABG001  |b cze  |e rda 
041 1 |a cze  |h eng 
072 7 |a 821.111-3  |x Anglická próza, anglicky psaná  |2 Konspekt  |9 25 
080 |a 821.111-31  |2 MRF_2003 
080 |a (0:82-311.6)  |2 MRF_2003 
100 1 |a Scott, Walter,  |c Sir,  |d 1771-1832  |7 jn19990007395  |4 aut 
245 1 0 |a Srdce Edinburghu /  |c Walter Scott ; přeložila Jarmila Fastrová 
250 |a V MKP 1. elektronické vydání 
264 1 |a Praha :  |b Městská knihovna v Praze,  |c 2026 
300 |a 1 online zdroj (693 stran) ; 
336 |a text  |b txt  |2 rdacontent 
337 |a počítač  |b c  |2 rdamedia 
338 |a online zdroj  |b cr  |2 rdacarrier 
500 |a Přeloženo z angličtiny 
520 2 |a Vrcholný autorův román, jehož děj se odehrává v letech 1736-1751 a líčí dojemný příběh dvou sester, z nichž mladší je odsouzena k smrti a starší jí osobní obětavostí vyprosí u londýnského soudního dvora milost.  |b Rozsáhlý román, který se řadí mezi nejslavnější díla anglické klasické literatury, zavádí čtenáře do Skotska v letech 1736-1751. Líčí příběh dvou sester, jejich rozdílné povahy, milostné úděly a životní osudy. Mladší ze sester se lehkomyslným přístupem ocitá v edinburském vězení, lidově zvaném „Srdce Edinburku“ kde podle platného zákona může být odsouzena k smrti. Druhá z dívek je pro záchranu mladší sestry odhodlána udělat cokoliv. Ocitá se v rozporu mezi city a tužbami a zákonem krve a víry. Osud ji staví na rozcestí, kde si vybírá z několika různých cest. Vybere si tu nejtěžší z nich, avšak pro ni jedinou správnou. 
655 7 |a anglické romány  |7 fd131814  |2 czenas 
655 7 |a historické romány  |7 fd132414  |2 czenas 
655 9 |a English fiction  |2 eczenas 
655 9 |a historical novels  |2 eczenas 
700 1 |a Fastrová, Jarmila,  |d 1899-1968  |7 jk01030793  |4 trl 
710 2 |a Městská knihovna (Praha, Česko)  |7 kn20010709068  |4 pbl 
856 4 1 |u http://search.mlp.cz/searchMKP.jsp?action=sTitul&key=5248924  |y Odkaz na plný text 
856 4 1 |q epub  |u https://web2.mlp.cz/koweb/00/05/24/89/24/srdce_edinburghu.epub  |y Plný text 
856 4 1 |q pdf  |u https://web2.mlp.cz/koweb/00/05/24/89/24/srdce_edinburghu.pdf  |y Plný text 
856 4 1 |q prc  |u https://web2.mlp.cz/koweb/00/05/24/89/24/srdce_edinburghu.prc  |y Plný text 
856 4 1 |u https://web2.mlp.cz/koweb/00/05/24/89/24.jpg  |y Obálka 
910 |a ABG001